| 000 | 00512nam a2200193 a 4500 | ||
|---|---|---|---|
| 001 | sa 68009302 | ||
| 003 | DLC | ||
| 005 | 20260227112542.0 | ||
| 008 | 980122s1961 ii 000 0 ben | ||
| 010 | _asa 68009302 | ||
| 040 |
_aDLC _cDLC |
||
| 050 | 0 | 0 |
_aPK1718.B37 _bK3 |
| 100 | 1 | _aBasu, Gaurāṅgaprasāda. | |
| 245 | 1 | 0 |
_aKanyā-kalaṅka-kathā / _cGaurāṅgaprasāda Basu. |
| 260 |
_aKalikātā : _bBāk Sāhitya, _c1961. |
||
| 300 |
_a160 p. ; _c23 cm. |
||
| 546 | _aIn Bengali. | ||
| 500 | _aNovel. | ||
| 999 |
_c82855 _d82855 |
||